ESPN Greatest Athletes Quiz Stats

 Plays Quiz Updated Oct 28, 2016

Score 0/100 Timer 12:00
11 Plays Today
Rank Athlete % Correct
1Michael Jordan
98.3%
3Muhammad Ali
93.2%
2Babe Ruth
91.9%
5Wayne Gretzky
83.6%
17Magic Johnson
78.3%
96Michael Johnson
76.5%
60Walter Johnson
75.2%
100Jack Johnson
75%
53Rafer Johnson
74.8%
24Sugar Ray Robinson
71.1%
25Joe Montana
65.2%
9Jack Nicklaus
62.4%
30Larry Bird
62.1%
29Arnold Palmer
60.4%
4Jim Brown
58.8%
16Ted Williams
58.3%
13Wilt Chamberlain
56.2%
15Jackie Robinson
54.5%
48Pete Sampras
54.5%
37Mickey Mantle
54%
14Hank Aaron
51.9%
72Bo Jackson
51.7%
12Carl Lewis
51.2%
77Cy Young
50.3%
8Willie Mays
50.3%
27Jerry Rice
49.5%
76Barry Sanders
49.5%
22Joe DiMaggio
48.3%
74Deion Sanders
48.2%
39Walter Payton
47.8%
6Jesse Owens
47.8%
34Lou Gehrig
47.5%
26Kareem Abdul-Jabbar
44.1%
75Dan Marino
43.4%
Rank Athlete % Correct
44Bobby Jones
42.6%
18Bill Russell
42.1%
20Ty Cobb
40.2%
31Bobby Orr
39.4%
7Jim Thorpe
37.9%
35Secretariat
37.7%
32Johnny Unitas
37.1%
33Mark Spitz
35.6%
21Gordie Howe
35.1%
56Pete Rose
35%
90Richard Petty
32.5%
55Mario Lemieux
30.3%
88Joe Namath
30.2%
11Joe Louis
29.4%
62Jerry West
28%
92Mario Andretti
27.1%
59Billie Jean King
27%
42Sandy Koufax
26.1%
82Bobby Hull
25.9%
51Rocky Marciano
25.7%
36Oscar Robertson
25.6%
49O.J. Simpson
24.9%
43Julius Erving
24.4%
19Martina Navratilova
24.1%
81Jimmy Connors
24%
40Lawrence Taylor
22.6%
38Ben Hogan
22.4%
61Stan Musial
22.3%
67Bob Gibson
21.2%
73Josh Gibson
20.9%
65Althea Gibson
20.9%
94Bob Cousy
20.4%
50Chris Evert
20.2%
83Honus Wagner
19.8%
Rank Athlete % Correct
71Roberto Clemente
19.7%
99Sam Snead
18.8%
10Babe Didrikson
18.4%
54Greg Louganis
18.2%
84Man o' War
17.5%
69Bonnie Blair
16.8%
79Gale Sayers
16%
70Dick Butkus
15.7%
85Maurice Richard
14.9%
58Elgin Baylor
13.8%
28Red Grange
12.8%
80A.J. Foyt
12.5%
46Eric Heiden
12%
63Satchel Paige
11.7%
23Jackie Joyner-Kersee
11.5%
52Jack Dempsey
10.5%
57Willie Shoemaker
10.2%
89Rogers Hornsby
10.2%
86Otto Graham
8.4%
47Edwin Moses
8.1%
87Henry Armstrong
7.9%
64Sammy Baugh
7.9%
41Wilma Rudolph
7.1%
97Citation
5.6%
45Bill Tilden
5.5%
66Eddie Arcaro
4.9%
95George Blanda
4.9%
91Bob Beamon
4.7%
93Don Hutson
4.5%
68Al Oerter
4.2%
98Don Budge
4.1%
78Bob Mathias
3%

You're not logged in!

Compare scores with friends on all Sporcle quizzes.
OR
Log In

Sporcle TV

Today on Sporcle TV


Watch our educational content, quiz creation guides, and fun videos on Sporcle TV.

Show Comments

Extras

Top Quizzes Today


Score Distribution

Your Account Isn't Verified!

In order to create a playlist on Sporcle, you need to verify the email address you used during registration. Go to your Sporcle Settings to finish the process.

Report this User

Report this user for behavior that violates our Community Guidelines.

Details: